The aerodrome : a love story.

Bibliographic Details
Main Author: Warner, Rex, 1905-1986
Format: Book
Language:English
Published: Philadelphia, New York : J.B. Lippincott compay, [1946]

MARC

Tag First Indicator Second Indicator Subfields
LEADER 00000cam a2200000I 4500
001 in00000024586
005 20151007062420.0
008 750410s1946 pau 000 1 eng d
010 |a  47000219  
019 |a 34138163 
035 |a (OCoLC)ocm01496272 
035 |9 AAD4824AM 
040 |a DZM  |c DZM  |d OCL  |d TNF  |d OCL  |d OCLCQ  |d TXA  |d UtOrBLW 
049 |a TXAM 
090 |a PR6045.A78  |b A47 1946 
092 |a Fic  |b W2836a 
100 1 |a Warner, Rex,  |d 1905-1986. 
245 1 4 |a The aerodrome :  |b a love story. 
264 1 |a Philadelphia,  |a New York :  |b J.B. Lippincott compay,  |c [1946] 
300 |a 336 pages ;  |c 20 cm. 
336 |a text  |b txt  |2 rdacontent 
337 |a unmediated  |b n  |2 rdamedia 
338 |a volume  |b nc  |2 rdacarrier 
500 |a "First edition." 
500 |a "First published 1941." 
994 |a C0  |b TXA 
999 |a MARS 
999 f f |s 7c026c41-c895-36e5-b94f-2d930dbe8ea9  |i 969a4b4a-0b46-3a2d-8b87-77cfad92cc11  |t 0 
952 f f |p normal  |a Texas A&M University  |b College Station  |c Sterling C. Evans Library  |d Evans: Library Stacks  |t 0  |e PR6045.A78 A47 1946  |h Library of Congress classification  |i unmediated -- volume  |m A14801332766 
998 f f |a PR6045.A78 A47 1946  |t 0  |l Evans: Library Stacks